K jadrovej energii sa vracia Východ aj Západ
Výstavba nových jadrových reaktorov na Ukrajine s cieľom znížiť závislosť na dovoze energie zo zahraničia. Zmena postoja k jadrovej energii aj výrazne proekologických štátov. Výstavba reaktorov v Číne. Plánovaná výstavba nových jadrových elektrární vo Veľkej Británii.
Salvato in:
| Autore principale: | |
|---|---|
| Natura: | Capitolo di libro |
| Lingua: | slovacco |
| Soggetti: | |
| Tags: |
Nessun Tag, puoi essere il primo ad aggiungerne!!
|
MARC
| LEADER | 00000naa$a2200000$$$4500 | ||
|---|---|---|---|
| 001 | 0028885 | ||
| 005 | 20231004125834.4 | ||
| 041 | 0 | |a slo | |
| 044 | |a SK | ||
| 245 | 1 | 0 | |a K jadrovej energii sa vracia Východ aj Západ |c Dana Pálková |
| 520 | |a Výstavba nových jadrových reaktorov na Ukrajine s cieľom znížiť závislosť na dovoze energie zo zahraničia. Zmena postoja k jadrovej energii aj výrazne proekologických štátov. Výstavba reaktorov v Číne. Plánovaná výstavba nových jadrových elektrární vo Veľkej Británii. | ||
| 610 | 2 | 0 | |a zdroje energie |
| 610 | 2 | 0 | |a energia atómová |
| 610 | 2 | 0 | |a reaktory |
| 610 | 2 | 0 | |a výroba energie |
| 610 | 2 | 0 | |a dovoz |
| 610 | 2 | 0 | |a ekológia |
| 610 | 2 | 0 | |a svet |
| 100 | 1 | |a Pálková, Dana | |